000 00388cam a22001217a 4500
008 180718b1915 xxu||||| |||| 00| 0 eng d
082 _aP5x5422 C333
100 _aCentral Provinces and Berar. University Committee
245 _aReport of the Central Provinces and Berar University Committee
260 _aNagpur
_bThe author
_c1915
300 _a108+p.
700 _aMayhew, A.I. (President)
999 _c489578
_d489578